[Event "Kathmandu op"]
[Site "Kathmandu"]
[Date "2018.04.13"]
[Round "1"]
[White "Gajwa, Ankit"]
[Black "Gudka, Paras"]
[Result "1-0"]
[WhiteElo "2292"]
[BlackElo "1486"]
[PlyCount "87"]
[EventDate "2018.04.13"]
[EventType "swiss"]
[EventRounds "9"]
[EventCountry "NEP"]
[SourceTitle "CBM 183 Extra"]
[Source "ChessBase"]
[SourceDate "2018.04.19"]
[SourceVersion "1"]
[SourceVersionDate "2018.04.19"]
[SourceQuality "1"]

1. e4 c5 2. Nf3 Nc6 3. Bb5 a6 4. Bxc6 bxc6 5. d3 Nf6 6. e5 Nd5 7. 0-0 d6 8. Re1 Bf5 9. Nbd2 e6 10. Nc4 Be7 11. exd6 Bxd6 12. Nfe5 Rc8 13. Bg5 f6 14. Nxd6+ Qxd6 15. Nc4 Qd7 16. Be3 Nxe3 17. Rxe3 Rb8 18. Qh5+ Bg6 19. Qxc5 Rd8 20. Rae1 Bf7 21. Re4 h5 22. Na5 Qd5 23. Qxc6+ Qxc6 24. Nxc6 Rd6 25. Na5 Ke7 26. Rc4 Be8 27. Rc7+ Bd7 28. Nb7 Rc6 29. Rxc6 Bxc6 30. Nc5 Bd7 31. Nxa6 h4 32. Nc5 Rh5 33. d4 Rg5 34. b3 Rd5 35. c3 Rd6 36. b4 Bb5 37. a4 Bc4 38. b5 Rb6 39. Ne4 Bd3 40. Nd2 Rb7 41. Ra1 Rc7 42. c4 Kd6 43. a5 Bxc4 44. b6 1-0